Flags Of Yugoslavian Countries - Statistics

General Stats
  • This quiz has been taken 63 times
  • The average score is 7 of 7
Answer Stats
Picture Answer % Correct
Slovenia
100%
Croatia
98%
Montenegro
98%
Serbia
98%
Bosnia And Herzegovina
96%
Kosovo
96%
North Macedonia
96%
No matching quizzes found
Score Distribution
Percent of People with Each Score
Percentile by Number Answered
Your Score History
You have not taken this quiz